All Roblox Forsaken survivor and killer skins - Statistics

General Stats
  • This quiz has been taken 24 times
  • The average score is 45 of 419
Answer Stats
Hint Answer % Correct
007n7 Skins Milestone 007n7
47%
1x1x1x1 Skins Milestone 1x
47%
Builderman Skins Milestone Builderman
47%
C00lkidd Skins Milestone C00lkidd
47%
Chance Skins Milestone Chance
47%
Dusekkar Skins Milestone Dusekkar
47%
Elliot Skins Milestone Elliot
47%
Guest 1337 Skins Milestone Guest 1337
47%
Jason Skins Milestone Jason
47%
John Doe Skins Milestone John Doe
47%
Noob Skins Milestone Noob
47%
Shedletsky Skins Milestone Shedletsky
47%
Inverted
41%
Retro
41%
Yourself
41%
Wrong
35%
Artful
29%
Bluudud
29%
Devesto
29%
Noob Special Skin | Special Jason Skins VIP
29%
118o8
24%
Boy
24%
BrightEyes
24%
C00l
24%
Classic
24%
Cosplay
24%
Diva
24%
Noob Seasonal Skins Elf
24%
Girl
24%
LOVESHOT!
24%
Mafioso
24%
Matt
24%
Pr3typriincess
24%
Sorcerer
24%
Spiders
24%
Token
24%
Trapped
24%
Umbra
24%
Vanity
24%
YAAI
24%
yksteldehS
24%
226w6
18%
5 More Shedletskys
18%
Alien
18%
Aspx
18%
Betrayed
18%
Blue Day
18%
Cadi
18%
Color and Electricity
18%
Cupcakes
18%
Delirious
18%
Demon King
18%
Dumsekkah
18%
Special Builderman Skins Engineer
18%
Golden
18%
Homeless
18%
Knight
18%
Mamaletsky
18%
Modern
18%
Party
18%
Pedro
18%
Pink Day
18%
Pride
18%
Pursuer
18%
Red Room Curse
18%
Seasonal John Doe Skins | Seasonal Skin Santa
18%
Scene
18%
Seasonal Two Time Skins Snow Time
18%
Son
18%
Subject_1
18%
The Heartbroken
18%
Noli Skins Toolbox
18%
Toon
18%
035
12%
1Eggs
12%
All-Star
12%
Ally that only kills zombies not u
12%
Annihilation
12%
Anonymous
12%
Two Time Skins Bald
12%
Blossom
12%
Bloxxy
12%
Bob
12%
Butcher
12%
Buttermilk
12%
Camp Counselor
12%
Casual
12%
Chicken
12%
Cool3r
12%
Cosplayer
12%
Dad
12%
Dapper
12%
Disasters
12%
Dued1
12%
Easter
12%
Ennakon
12%
Ephialtes
12%
Farmboy
12%
Seasonal Skins Festive
12%
Figures
12%
Fire Ninja
12%
Friend
12%
Geometry
12%
Special Two Time Skins Ghost
12%
Ghoul
12%
Green Guest
12%
Gummy
12%
Hacklord
12%
Hitbox Accurate
12%
Idiot
12%
Illumina
12%
Koolkidd
12%
Lancer
12%
luisgamercool23
12%
Lulu
12%
Lumberjack
12%
Masked Man
12%
Milkman
12%
Molly
12%
Pirate
12%
Plash
12%
Prince
12%
Princess
12%
Seasonal 007n7 Skins Reindeer
12%
Robert
12%
Savior
12%
Script Builder
12%
Scripter
12%
Subject_0
12%
Toothy Deer
12%
Umdum
12%
Workclock
12%
007e7
6%
16th Night
6%
2009
6%
2017
6%
Agent
6%
Alfred Drevis
6%
Anubis
6%
Astral Isles
6%
Astro Architect
6%
Astronaut
6%
Avian Sight
6%
Baker
6%
Bandit
6%
Barber
6%
Barista
6%
Biker
6%
Blizzaria
6%
Bloodedge
6%
Blue steel
6%
Bobby
6%
Boss
6%
Bouncer
6%
BSOD
6%
Builders Club
6%
Burger
6%
Burger King
6%
Butler
6%
Cake
6%
Camo
6%
Campsite Victims
6%
Cashier
6%
Cat Rocker
6%
Cecil
6%
Celeste
6%
Chanceton
6%
Chef
6%
Chimera
6%
C.H.R.I.S.
6%
Combat Dummy
6%
Combat Initiation
6%
Comic
6%
Construction Worker
6%
Cool Bones
6%
Cool Guy
6%
Counter
6%
Crafter
6%
Cultist
6%
Darkness
6%
Darkseed
6%
David
6%
Deadly Dark
6%
Decoy
6%
Deep Sleep
6%
Deep Winter
6%
Demolitionist
6%
Disco
6%
Dog
6%
Doomsekkar
6%
Doothekkar
6%
Double Crossed
6%
Double Life
6%
Dragon
6%
Dr. Ludwig
6%
Dummy
6%
Duster
6%
Evil Green Skeleton
6%
Executioner
6%
Fancy
6%
Fast Food
6%
Fencer
6%
Fishbowl
6%
Fixer Upper
6%
Fleskhjerta
6%
FliesOfTheLord
6%
Flipnote
6%
Gadgeteer 2700
6%
Gasa4 Player
6%
Gene
6%
Ghost Detective
6%
Seasonal Guest 1337 Skins Gingerbread
6%
Glow In The Dark
6%
Gratimeo
6%
Green Envy
6%
Special 1x Skins Guardian
6%
Guardian Angel
6%
Highschool
6%
Hockey Star
6%
Hospital Patient
6%
Inaba
6%
Infernal Sorcerer
6%
Infernum
6%
Seasonal Jason Skins Insane Streamer
6%
Invincible
6%
Ironclad
6%
Seasonal 1x Skins Jack Frost
6%
Jeff
6%
Jester
6%
JJ5X5
6%
John Forsaken
6%
Jordan
6%
Kevin
6%
Killer Kyle
6%
Kitty Cat
6%
Librarian
6%
Light Ninja
6%
Little Brother
6%
LMaD
6%
Lods Of Emone
6%
Lucas
6%
Magic Ninja
6%
Mailman
6%
Manager
6%
Marisa
6%
Marvin
6%
Mcgillavry
6%
Medic
6%
Memoriam
6%
Messenger
6%
Mirror
6%
Modern Matt
6%
Monitoring
6%
Monochrome
6%
Mr. Worldwide
6%
Multi-Colored Bettor
6%
MX
6%
Mysterious Sheriff
6%
N1gh7m4r33
6%
Nacho
6%
Neo
6%
Ness
6%
Ninja
6%
Nooby
6%
Nun
6%
Nyan
6%
Off-Duty
6%
Oh Noes
6%
Olivia
6%
One More Time
6%
Onesie
6%
Operator
6%
Original
6%
Outlaw
6%
Outlawed
6%
Outrageous Builders Club
6%
Overseer
6%
P4j4m4k1dd
6%
Paintball
6%
Parlor Gubby
6%
Paula
6%
Phantom
6%
Philosopher
6%
Phoenix
6%
Pico
6%
Pizza Delivery
6%
Pizza Man
6%
Plushekkar
6%
Poached
6%
Poolkidd
6%
Punk
6%
Rangers
6%
Red Carpet
6%
Rockstar
6%
Sailor
6%
Sally
6%
Scenecore
6%
Schmuck
6%
Schoolkidd
6%
Scoutmaster
6%
Shadow Ninja
6%
Silverthorn
6%
Skeletal
6%
Skyfleet
6%
Sleepy
6%
Slendy
6%
Snake
6%
Soccer Legend
6%
Son of Man
6%
Soulmates
6%
Spiral
6%
Spotter
6%
Spring
6%
Spy
6%
Steampunk
6%
Sunderland
6%
Supa Dupa Fly
6%
Supa Fly
6%
Supermarket
6%
Supplier
6%
Suspicious Man
6%
Swashbuckler
6%
Tazuna
6%
Technician
6%
Telamon
6%
Tester
6%
Timeless
6%
Tinpot
6%
ToaZuku
6%
Tom
6%
Turbo Builders Club
6%
Turking
6%
Special Chance Skins | Special Guest 1337 Skins Ultrakill
6%
Vagabond
6%
Vampire
6%
Taph Skins Viridian
6%
Voidbound
6%
Warhead
6%
Taph Special Skin Wayward
6%
Weeping
6%
Weirdly Strict
6%
Whales
6%
Whimsical
6%
Windows
6%
xX4ce0fSpadesXx
6%
Y2K
6%
Yolker
6%
Yorick
6%
Yumi
6%
ZeekytheHbomb
6%
Anomaly #0010
0%
Artist
0%
Awesome Ninja
0%
Special 007n7 Skins Clean Gent
0%
Darkage Ninja
0%
Deivydoestutorials33
0%
dragondudes3
0%
Earth Day
0%
Easter Ripper
0%
Egghead
0%
Ellioto Spaghetti
0%
Flint
0%
Gasharpoom
0%
Ghosdeeri
0%
Green Belt
0%
Green Day
0%
Gunner
0%
Juggernaut
0%
Mad Scientist Rat
0%
Nevermoor
0%
Orinthian Architech
0%
Paperboy
0%
Plushy
0%
Raincoat
0%
Saggitial
0%
Scarecrow
0%
Tac Nayn
0%
The Dark Reaper
0%
Special Shedletsky Skins The Guide
0%
Tommy Jarvis
0%
Special Elliot Skins Treehugger
0%
Weightson Jorthees
0%
White Pumpkin
0%
No matching quizzes found
Score Distribution
Percent of People with Each Score
Percentile by Number Answered
Your Score History
You have not taken this quiz